000 02491nam0a2200409 4500
001 RU\NLR\bibl\1726659
005 20260407141927.0
010 _a978-5-9758-1240-7
_9250
021 _aRU
_b2010-101675
_96871
035 _a(nilc)RSL-KNO-004869288
035 _a(NLR Aleph) 001717627
090 _a1319520
_c1319520
100 _a20101227d2010 |||y0rusy50 ca
101 0 _arus
102 _aRU
105 _aa |||||||||
200 1 _aГородское хозяйство: современная экономико-управленческая парадигма
_eмонография
_f[Алтухов П.Л., Гусев С.А., кандидаты экон. наук, доценты, Иванова И.Н., к.с.н., проф. и др.]
_gпод общ. ред. д.с.н., проф. И.Н. Ивановой
_gМ-во образования и науки РФ, Гос. образоват. учреждение высш. проф. образования, Рос. гос. гуманит. ун-т, Фил. в г. Саратове
210 _aСаратов
_cРоссийский государственный гуманитарный университет
_d2010
215 _a279 с.
_cил.
_d20
300 _aАвт. указаны на обороте тит. л.
320 _aБиблиогр. в конце гл.
606 1 _aГородское хозяйство
_yРоссийская Федерация
_92512228
_3RU\NLR\auth\661489195
686 _aУ9(2)441.0-21,0
_2rubbk
686 _aУ44(2)109
701 1 _aАлтухов
_bП. Л.
_gПавел Леонидович
_4070
701 1 _4070
_8rus
_7ca
_aГусев
_bС. А.
_cканд. экон. наук
_gСергей Аркадьевич
_3RU\NLR\auth\7754650
_937582
701 1 _4070
_8rus
_7ca
_aИванова
_bИ.Н.
_cд-р социол. наук, канд. филос. наук
_gИрина Николаевна
_3RU\NLR\auth\7724263
_97314
702 1 _4340
_8rus
_7ca
_aИванова
_bИ.Н.
_cд-р социол. наук, канд. филос. наук
_gИрина Николаевна
_3RU\NLR\auth\7724263
_97314
712 0 2 _4570
_aРоссийский государственный гуманитарный университет
_bФилиал
_cСаратов
_3RU\NLR\AUTH\8810084979
_9671968
801 0 _aRU
_bRuMoRKP
_c20101227
801 1 _aRU
_bRuMoRGB
_c20101227
801 2 _aRU
_bNLR
_c20110124
_grcr
830 _aавт. по ЭК
942 _cBOOK
980 _aNB
980 _aNBR